[Event "Condigne Dutch Open 2018"]
[Site "Dieren"]
[Date "2018.08.01"]
[Round "8"]
[White "Vrolijk, Liam"]
[Black "Geurink, Jasper"]
[Result "1-0"]
[WhiteElo "2419"]
[BlackElo "2348"]
[Annotator "TA"]
[PlyCount "111"]
[EventDate "2018.07.24"]
[EventType "swiss"]
[EventCountry "NED"]
[SourceTitle "playchess.com"]
[Source "ChessBase"]
[SourceQuality "1"]

{[%evp 27,111,26,71,59,68,56,64,65,54,40,61,31,52,43,82,46,79,58,42,44,74,47,46,29,56,44,173,157,163,143,165,164,165,162,376,366,304,192,239,235,215,208,210,224,212,216,251,262,236,251,284,324,589,589,622,582,509,194,272,266,524,525,668,667,627,565,596,360,381,352,354,325,444,341,649,569,657,656,722,601,1272,1212,1024,975,5447,5233]} 1. Nf3 Nf6 2. c4 g6 3. Nc3 Bg7 4. e4 d6 5. d4 O-O 6. Be2 e5 7. d5 a5 8. Bg5 h6 9. Bh4 Na6 10. Nd2 Qe8 11. O-O Bd7 12. b3 Nh7 13. a3 f5 14. f3 {E92: King's Indian: Classical: 6 Be2 e5: 7 dxe5, 7 Be3 and Petrosian System without 7...Nbd7} f4 {LiveBook: 9 Games} (14... g5 15. Bf2 f4 16. Rb1 h5 17. b4 axb4 18. axb4 b6 19. Bd3 g4 20. Qe2 Qg6 21. c5 Ng5 22. Kh1 Nb8 23. c6 Bc8 24. Bh4 {1-0 (24) Yilmaz,M (2594)-Ali Marandi,C (2473) Dubai 2016}) 15. b4 axb4 16. axb4 {White is slightly better.} Nxb4 17. Qb3 c5 $146 ({Predecessor:} 17... Na6 18. Qxb7 Qc8 19. Rfb1 Nf6 20. Bf2 Qxb7 21. Rxb7 Rfc8 22. Nb5 Ne8 23. Nb3 Bf8 24. h3 {½-½ (24) Kiemann,S (1944)-Bielicki,B (2112) Goerlitz 1997}) 18. dxc6 Nxc6 19. Qxb7 Rb8 20. Qc7 Rb2 21. Rfd1 Nd4 $1 {Threatening ...Rc2.} 22. Bf1 (22. Qxd6 Rc2 $11) 22... g5 23. Bf2 g4 $1 {[%cal Rg4f3]} 24. Bxd4 exd4 25. Nb5 Bxb5 26. cxb5 {[#] Strongly threatening Ra7.} d3 (26... Ng5 $14) 27. Qc4+ $18 (27. Qxd6 Rxd2 28. Rxd2 Bxa1 $15) 27... Kh8 {...Rxd2! is the strong threat.} 28. Qxd3 gxf3 29. Nxf3 Nf6 30. Re1 {aiming for e5.} Qh5 $2 (30... Nd7 {was worth a try.} 31. Qxd6 Ne5) 31. Qxd6 Ng4 32. Rab1 Rd2 33. Qxd2 Qc5+ 34. Kh1 Nf2+ 35. Qxf2 $1 Qxf2 36. e5 {[%cal Be4e5,Be5e6][%mdl 32]} Qb6 37. Bc4 {And now e6 would win.} Re8 38. Bd5 Rd8 39. Bc6 Bf8 $2 (39... Qc5 40. Rbc1 Qf2) 40. e6 Be7 41. Ne5 Kg7 42. Bd7 $2 (42. Nd7 Qf2 43. b6) 42... Kf6 (42... Ra8 $142 43. Bc6 Rc8) 43. Re4 {Hoping for Nc6.} ({But not} 43. Nc6 Rg8 $18) 43... Kf5 $2 (43... Rg8 44. Rf1 Qc5 45. Rexf4+ Kxe5) 44. Rbe1 {Black must now prevent Nc6.} Rg8 45. Nc6 Rg7 46. Nd4+ Kg5 47. Nf3+ Kg6 48. Rxf4 Kh7 49. Bc6 h5 50. Nd4 Bd6 $2 (50... Rg4) 51. Rh4 {White is clearly winning.} Qc5 {[#] If Black can now play ...Rg4 this consolidates a bit.} 52. Nf5 $1 {[%mdl 512]} Qf2 {[%cal Rf2e1]} (52... Qxf5 53. Be4) 53. Rd1 ({Not} 53. Rxh5+ Kg6 $16) 53... Re7 54. Rxh5+ Kg6 55. Nxe7+ ({Less strong is} 55. Nxd6 Kxh5 56. Nf5 Qxf5 $18) 55... Kxh5 56. Nc8 {Precision: White = 77%, Black = 34%.} 1-0

[Event "Condigne Dutch Open 2018"]
[Site "Dieren"]
[Date "2018.08.01"]
[Round "8"]
[White "Beukema, Stefan"]
[Black "Bartakke, Amardeep S."]
[Result "0-1"]
[WhiteElo "2404"]
[BlackElo "2133"]
[Annotator "NA"]
[PlyCount "94"]
[EventDate "2018.07.24"]
[EventType "swiss"]
[EventCountry "NED"]
[SourceTitle "playchess.com"]
[Source "ChessBase"]
[SourceQuality "1"]
[TimeControl "40/5400+30:1800+30"]

1. f4 {[%emt 0:00:00]} c5 {[%emt 0:00:00]} 2. Nf3 {[%emt 0:00:00]} Nc6 {[%emt 0:00:07]} 3. g3 {[%emt 0:00:09]} g6 {[%emt 0:00:16]} 4. Bg2 {[%emt 0:00:07]} Bg7 {[%emt 0:00:04]} 5. d3 {[%emt 0:00:16]} Nf6 {[%emt 0:08:04]} 6. O-O {[%emt 0:00:40]} O-O {[%emt 0:02:22]} 7. c3 {[%emt 0:02:00]} d6 {[%emt 0:04:43]} 8. e4 {[%emt 0:02:15]} Rb8 {[%emt 0:11:03]} 9. a4 {[%emt 0:00:26]} c4 {[%emt 0:02:04]} 10. b4 {[%emt 0:10:26]} cxd3 {[%emt 0:03:20]} 11. Qxd3 {[%emt 0:00:20]} Ng4 {[%emt 0:15:28]} 12. Ra2 {[%emt 0:07:41]} Qb6+ {[%emt 0:04:17]} 13. Kh1 {[%emt 0:00:49]} d5 {[%emt 0:00:03]} 14. a5 {[%emt 0:01:50]} Qc7 {[%emt 0:01:04]} 15. exd5 {[%emt 0:02:04]} Bf5 {[%emt 0:00:12]} 16. Qc4 {[%emt 0:00:06]} Bxb1 {[%emt 0:05:52]} 17. Rb2 {[%emt 0:04:18]} Bf5 {[%emt 0:03:38]} 18. h3 {[%emt 0:05:17]} Nf6 {[%emt 0:00:38]} 19. Nd4 {[%emt 0:00:35]} Nxd5 {[%emt 0:05:33]} 20. Nxf5 {[%emt 0:03:13]} gxf5 {[%emt 0:04:16]} 21. Bxd5 {[%emt 0:00:18]} Rbc8 {[%emt 0:00:50]} 22. Rc2 {[%emt 0:02:01]} e6 {[%emt 0:00:43]} 23. Bf3 {[%emt 0:03:48]} Nd4 {[%emt 0:01:37]} 24. Qxc7 {[%emt 0:01:53]} Rxc7 {[%emt 0:00:02]} 25. Rd2 {[%emt 0:00:08]} Nxf3 {[%emt 0:03:26]} 26. Rxf3 {[%emt 0:00:06]} Bxc3 {[%emt 0:00:06]} 27. Rc2 {[%emt 0:00:05]} Rfc8 {[%emt 0:00:12]} 28. Ba3 {[%emt 0:00:31]} Rc4 {[%emt 0:00:47]} 29. Rd3 {[%emt 0:00:51]} Bxb4 {[%emt 0:00:55]} 30. Rxc4 {[%emt 0:00:47]} Rxc4 {[%emt 0:00:04]} 31. Bb2 {[%emt 0:00:32]} Bxa5 {[%emt 0:01:38]} 32. Rd7 {[%emt 0:00:47]} Bc3 {[%emt 0:00:52]} 33. Ba3 {[%emt 0:01:30]} b5 {[%emt 0:00:53]} 34. Rd8+ {[%emt 0:00:52]} Kg7 {[%emt 0:00:11]} 35. Bf8+ {[%emt 0:00:18]} Kf6 {[%emt 0:02:43]} 36. Re8 {[%emt 0:00:30]} b4 {[%emt 0:00:53]} 37. Be7+ {[%emt 0:00:06]} Kg7 {[%emt 0:00:06]} 38. Bf8+ {[%emt 0:00:05]} Kg6 {[%emt 0:00:29]} 39. Bd6 {[%emt 0:00:41]} f6 {[%emt 0:01:10]} 40. Re7 {[%emt 0:01:18]} Rc6 {[%emt 0:01:21]} 41. Rd7 {[%emt 0:30:27]} b3 {[%emt 0:30:43]} 42. Bf8 {[%emt 0:00:13]} Rc8 {[%emt 0:02:43]} 43. Rg7+ {[%emt 0:02:17]} Kh6 {[%emt 0:00:07]} 44. Rf7+ {[%emt 0:00:12]} Rxf8 {[%emt 0:00:03]} 45. Rxf8 {[%emt 0:00:06]} b2 {[%emt 0:00:17]} 46. Rb8 {[%emt 0:00:06]} a5 {[%emt 0:00:03]} 47. g4 {[%emt 0:00:05]} Bb4 {[%emt 0:17:32]} 0-1

[Event "Condigne Dutch Open 2018"]
[Site "Dieren"]
[Date "2018.08.01"]
[Round "8"]
[White "Bosboom, Manuel"]
[Black "Krysa, Leandro"]
[Result "1-0"]
[WhiteElo "2403"]
[BlackElo "2533"]
[Annotator "TA"]
[PlyCount "79"]
[EventDate "2018.07.24"]
[EventType "swiss"]
[EventCountry "NED"]
[SourceTitle "playchess.com"]
[Source "ChessBase"]
[SourceQuality "1"]

{[%evp 17,79,-7,-22,-37,-41,-36,-45,-42,-25,-44,-39,-35,-27,-34,-12,-15,-19,-33,0,-47,-42,-90,0,0,117,112,105,113,108,31,15,14,102,105,86,87,137,123,272,269,309,232,332,264,341,338,312,249,492,216,397,0,470,485,453,465,401,414,1509,1506,1446,1400,1195,932]} 1. c4 e5 2. b3 Nf6 3. Bb2 Nc6 4. e3 d5 5. cxd5 Nxd5 6. a3 Bd6 7. Qc2 Qg5 {A01: Nimzowitsch-Larsen Opening} 8. Nf3 Qg6 9. Qxg6 hxg6 {LiveBook: 3 Games. The position is equal.} 10. Bc4 $146 ({Predecessor:} 10. d3 f6 11. Rg1 Be6 12. Nbd2 Nb6 13. Rb1 O-O-O 14. Be2 Be7 15. h3 {0-1 (69) Radjabov,T (2628)-Dreev,A (2673) Hyderabad 2002}) 10... Nb6 11. Bb5 Bd7 12. Nc3 f5 13. Ke2 e4 14. Ng5 a6 15. Bxc6 $1 bxc6 16. f3 exf3+ 17. gxf3 c5 18. a4 Rb8 19. h4 {[#]} c4 (19... Bc6 $1 $17) 20. b4 $11 Nxa4 (20... Nc8 $11) 21. Nxa4 $16 Rxb4 22. Bxg7 Rg8 23. Nc3 (23. Bf6 $16 {aiming for Nc3.} Bxa4 24. Bc3) 23... Rxg7 $14 24. Rxa6 Rb8 (24... Bc8 $1 $11 25. Ra7 (25. Ra8 Kd7 $11) 25... Bb7) 25. h5 $16 gxh5 26. Rxh5 Kf8 {[#]} 27. f4 $1 $36 {[%mdl 2048] Black is under strong pressure.} Kg8 (27... Bc8 $16 {might work better.}) 28. Nd5 $18 {Threatening mate with Nf6+.} Bc8 29. Ra7 Kf8 (29... c3 $142) 30. Rh8+ Rg8 31. Rh6 Rg7 32. Nh7+ Kg8 $2 (32... Ke8 33. Ndf6+ (33. Rxd6 Rxh7 34. Rg6 Rh2+ 35. Kf3 Rh3+ 36. Kg2 Rh7 $18) 33... Ke7) 33. Nhf6+ (33. Ndf6+ $142 Kf7 34. Ng5+ Ke7 35. Nh5) 33... Kf8 $2 (33... Kf7) 34. Nh7+ Kg8 35. Ndf6+ Kf7 {...Rg2+ is the strong threat.} 36. Ng5+ Ke7 37. Nh5 Rg8 (37... c3 $142) 38. Rh7+ {White is clearly winning.} Kd8 39. Nf7+ Ke7 40. Nh6+ {Precision: White = 50%, Black = 23%.} 1-0

[Event "Condigne Dutch Open 2018"]
[Site "Dieren"]
[Date "2018.08.01"]
[Round "8"]
[White "Schoppen, Casper"]
[Black "Beerdsen, Thomas"]
[Result "1-0"]
[WhiteElo "2395"]
[BlackElo "2469"]
[Annotator "TA"]
[PlyCount "93"]
[EventDate "2018.07.24"]
[EventType "swiss"]
[EventCountry "NED"]
[SourceTitle "playchess.com"]
[Source "ChessBase"]
[SourceQuality "1"]

{[%evp 19,93,0,8,0,8,-19,-12,-10,16,0,0,20,113,112,101,107,108,104,112,115,111,104,99,63,69,64,75,41,42,50,37,36,50,49,85,0,55,47,181,166,195,195,195,118,195,195,481,480,480,481,483,482,443,436,429,378,536,512,677,662,1695,1699,1544,1682,1667,1079,1056,733,4943,1581,1660,1652,1512,1381,10751,968]} 1. Nf3 Nf6 2. g3 d5 3. Bg2 e6 4. O-O c5 5. c4 d4 6. e3 Nc6 {A13: English Opening: 1...e6} 7. d3 Be7 8. exd4 cxd4 9. Re1 O-O 10. Ne5 Nxe5 {LiveBook: 13 Games} 11. Rxe5 Rb8 $146 ({Predecessor:} 11... Nd7 12. Re1 Re8 13. Na3 Qb6 14. Nc2 a5 15. b3 Rd8 16. Rb1 {1-0 (37) Edouard,R (2627)-Kunte,A (2507) Al Ain 2015}) 12. Na3 Nd7 13. Re1 e5 14. Rb1 Bxa3 15. bxa3 f6 (15... Re8 $11) 16. a4 $36 {[%mdl 2048] White has strong initiative.} Qc7 17. Ba3 Nc5 18. Bxc5 Qxc5 19. Rb5 $1 {[%cal Rb5c5]} Qa3 20. Qb3 Qxb3 21. Rxb3 (21. Bd5+ {is more complex.} Kh8 22. Rxb3 b6 23. Reb1 Bb7 24. Bxb7 Rxb7 25. a5) 21... Re8 22. a5 Kf8 23. f4 exf4 24. Rxe8+ Kxe8 25. gxf4 $14 {[%mdl 4096] Endgame KRB-KRB} Kd8 26. c5 Be6 27. Rb5 (27. Rb4 $16) 27... Kc7 ({Much weaker is} 27... Bxa2 $6 28. a6 $16) (27... Rc8 $11) 28. Rb4 Bxa2 (28... Bd7 $14) 29. Rxd4 $18 Be6 30. Rb4 $1 Bc8 {[#]} 31. d4 $1 b6 {[#]} (31... b5 $16) 32. d5 $1 Ba6 $2 (32... g6 33. axb6+ axb6 34. d6+ Kd7 35. Rxb6 Rxb6 36. cxb6 Kxd6) 33. axb6+ axb6 34. Ra4 Bb7 35. c6 Bc8 36. Ra7+ Kd6 37. Rxg7 b5 (37... Ra8 {was necessary.} 38. Rf7 Ra1+ 39. Kf2 Ra2+ 40. Kg3 Ra3+ 41. Bf3 h5) 38. Rf7 {White is clearly winning.} b4 39. Rxf6+ Ke7 40. Rh6 b3 41. d6+ Kf7 42. Be4 b2 43. Bb1 Ra8 44. Rxh7+ (44. d7 $142 Bxd7 45. Rxh7+ Kf6 46. Rxd7) 44... Ke6 45. d7 Bxd7 46. Rxd7 Ra6 47. Rd2 {Precision: White = 76%, Black = 37%.} 1-0

[Event "Condigne Dutch Open 2018"]
[Site "Dieren"]
[Date "2018.08.01"]
[Round "8"]
[White "Shyaamnikhil P"]
[Black "Van den Doel, Erik"]
[Result "0-1"]
[WhiteElo "2375"]
[BlackElo "2593"]
[Annotator "TA"]
[PlyCount "116"]
[EventDate "2018.07.24"]
[EventType "swiss"]
[EventCountry "NED"]
[SourceTitle "playchess.com"]
[Source "ChessBase"]
[SourceQuality "1"]

{[%evp 25,116,0,44,0,0,0,0,8,8,-72,-76,-112,-77,-87,-99,-85,-83,-118,-97,-70,-56,-85,0,-203,-115,-333,-309,-377,-241,-296,-265,-247,-176,-172,-160,-166,-167,-176,-176,-175,-175,-157,-158,-186,-186,-187,-186,-186,-158,-288,-184,-179,-181,-163,-162,-165,-127,-134,-127,-311,-321,-325,-314,-314,-325,-360,-372,-341,-300,-384,-376,-1785,-1495,-6556,-6448,-29972,-29973,-29972,-29973,-29964,-23,-29965,-12822,-29981,-29981,-29981,-29982,-29989,-29990,-29990,-29991,-29996,-29997]} 1. e4 c5 2. Nc3 Nc6 3. Nf3 d6 4. d4 cxd4 5. Nxd4 e6 6. Be3 Nf6 7. Be2 Be7 8. Qd2 a6 9. f4 O-O 10. O-O Qc7 11. a4 Re8 12. Kh1 Bd7 13. Nb3 {B85: Sizilianisch (Scheveninger System)} b6 {[%cal Bb7b6,Bb6a5][%mdl 32] LiveBook: 44 Partien} (13... Na5 14. Nxa5 Qxa5 15. Bd3 Kh8 16. b4 Qc7 17. Rab1 Rac8 18. Rb3 d5 19. exd5 Nxd5 20. Nxd5 exd5 {½-½ (42) Efimenko,Z (2695)-Rublevsky,S (2686) Sochi 2012}) 14. g4 d5 15. e5 {Die Stellung ist ausgeglichen.} Ne4 16. Nxe4 dxe4 {[#]} 17. a5 $146 (17. c3 $11 {hält das Gleichgewicht.}) ({Vorgänger:} 17. c3 Red8 18. Qe1 Na5 19. Nd4 Nc4 20. Bxc4 Qxc4 {½-½ (62) Corrales Jimenez,F (2509)-Arencibia Rodriguez,W (2573) Santa Clara 2008}) 17... bxa5 $17 18. Bc5 Red8 19. Qc3 {Lxe7 ist eine echte Drohung.} Be8 20. Rfd1 Rxd1+ 21. Rxd1 Rd8 $1 22. Rxd8 Qxd8 23. Bxe7 Qxe7 ({Besser ist} 23... Nxe7 $17 24. Qxa5 Qb8) 24. Bxa6 $2 (24. Nc5 $11 {und Weiss ist OK.}) 24... Qh4 (24... Qd8 $1 $19 25. h3 Qd1+ 26. Kh2 a4) 25. Qg3 $2 {[#]} (25. Nxa5 $17 {war einen Versuch wert.} Nxa5 26. Qxa5) 25... Qd8 $1 $19 26. Qe1 Nb4 27. Bb7 Nxc2 28. Qe2 Qb6 29. Bxe4 Qxb3 30. Qxc2 {[#]} Qe3 $1 31. Bxh7+ Kh8 32. Be4 Qxf4 {[%cal Rf4f1]} 33. h3 Qxe5 34. Kg2 g5 35. Bf3 Kg7 36. Qd2 Qc5 37. h4 (37. Kg3 $17 {kämpft weiter.}) 37... gxh4 {Droht ...Lc6 und aus.} 38. Kh3 Qe5 {[%csl Gh4][%cal Re5g3]} 39. Kxh4 Bb5 40. g5 Bf1 41. Bg4 Bc4 42. Qf2 $2 (42. Bh5 $17 {war nötig.}) 42... Bd3 43. Qd2 Be4 44. Bh5 {beabsichtigt Lxf7!} Bf5 45. Bf3 Qc5 46. Kg3 e5 {[%cal Be6e5,Be5e4,Be4e3,Be3e2][%mdl 32]} 47. Kg2 e4 48. Be2 $2 (48. Bd1) 48... e3 {( -> ...Le4+)} 49. Qd8 Be4+ 50. Bf3 Qc2+ 51. Kh3 Bf5+ 52. Kg3 Qf2+ 53. Kf4 e2 54. Qf6+ Kg8 {Schwarz setzt Matt.} 55. Qd8+ Kh7 56. Qe7 Be6 57. g6+ Kg7 ({Nicht} 57... Kxg6 58. Qg5+ Kh7 59. Qh5+ Kg7 60. Qg5+ Kh7 61. Qh5+ Kg7 62. Qg5+ Kh8 63. Qh6+ Kg8 64. Qg5+ Kh7 $11) 58. gxf7 Qh2+ {Precision: Weiß = 44%, Schwarz = 84%.} 0-1

[Event "Condigne Dutch Open 2018"]
[Site "Dieren"]
[Date "2018.08.01"]
[Round "8"]
[White "Miedema, David"]
[Black "Van Dael, Siem"]
[Result "1/2-1/2"]
[WhiteElo "2370"]
[BlackElo "2212"]
[Annotator "NA"]
[PlyCount "190"]
[EventDate "2018.07.24"]
[EventType "swiss"]
[EventCountry "NED"]
[SourceTitle "playchess.com"]
[Source "ChessBase"]
[SourceQuality "1"]
[TimeControl "40/5400+30:1800+30"]

1. d4 {[%emt 0:00:00]} Nf6 {[%emt 0:00:00]} 2. c4 {[%emt 0:00:00]} g6 {[%emt 0:00:00]} 3. Nc3 {[%emt 0:00:00]} Bg7 {[%emt 0:00:00]} 4. e4 {[%emt 0:00:04]} d6 {[%emt 0:00:00]} 5. Nf3 {[%emt 0:00:03]} O-O {[%emt 0:00:00]} 6. Be2 {[%emt 0:00:02]} e5 {[%emt 0:00:04]} 7. d5 {[%emt 0:00:04]} Nbd7 {[%emt 0:00:26]} 8. Bg5 {[%emt 0:01:54]} h6 {[%emt 0:00:06]} 9. Be3 {[%emt 0:03:05]} Ng4 {[%emt 0:00:31]} 10. Bc1 {[%emt 0:00:09]} f5 {[%emt 0:00:48]} 11. exf5 {[%emt 0:02:56]} gxf5 {[%emt 0:00:15]} 12. g3 {[%emt 0:00:47]} Nc5 {[%emt 0:13:47]} 13. Nh4 {[%emt 0:02:31]} Qf6 {[%emt 0:08:45]} 14. O-O {[%emt 0:04:11]} e4 {[%emt 0:02:10]} 15. Ng2 {[%emt 0:04:39]} Ne5 {[%emt 0:07:33]} 16. Nf4 {[%emt 0:00:17]} Bh8 {[%emt 0:00:32]} 17. Be3 {[%emt 0:12:20]} Bd7 {[%emt 0:02:45]} 18. Nb5 {[%emt 0:04:28]} Bxb5 {[%emt 0:05:17]} 19. cxb5 {[%emt 0:00:05]} Ng6 {[%emt 0:00:37]} 20. Rc1 {[%emt 0:15:20]} Nxf4 {[%emt 0:08:19]} 21. Bxf4 {[%emt 0:01:14]} Qxb2 {[%emt 0:02:02]} 22. Bxh6 {[%emt 0:00:10]} Bg7 {[%emt 0:05:03]} 23. Be3 {[%emt 0:20:56]} b6 {[%emt 0:02:02]} 24. Rc2 {[%emt 0:00:24]} Qf6 {[%emt 0:02:01]} 25. f4 {[%emt 0:00:18]} Kf7 {[%emt 0:19:38]} 26. g4 {[%emt 0:00:16]} Rh8 {[%emt 0:00:53]} 27. g5 {[%emt 0:00:15]} Qg6 {[%emt 0:00:49]} 28. Rf2 {[%emt 0:06:14]} Rh3 {[%emt 0:05:29]} 29. Qd2 {[%emt 0:00:03]} Re8 {[%emt 0:01:53]} 30. Bf1 {[%emt 0:00:41]} Rh4 {[%emt 0:02:15]} 31. Rg2 {[%emt 0:02:58]} Qh5 {[%emt 0:03:28]} 32. Rg3 {[%emt 0:08:01]} Kg6 {[%emt 0:04:07]} 33. h3 {[%emt 0:00:22]} Qh8 {[%emt 0:03:57]} 34. Kh2 {[%emt 0:00:36]} Re7 {[%emt 0:00:53]} 35. Bf2 {[%emt 0:01:46]} e3 {[%emt 0:00:30]} 36. Rxe3 {[%emt 0:00:39]} Ne4 {[%emt 0:00:01]} 37. Rxe4 {[%emt 0:09:11]} Rxe4 {[%emt 0:00:08]} 38. Bg2 {[%emt 0:00:32]} Rhxf4 {[%emt 0:01:12]} 39. Bg3 {[%emt 0:00:31]} Qd8 {[%emt 0:00:41]} 40. Bxe4 {[%emt 0:01:21]} Rxe4 {[%emt 0:00:09]} 41. Qc1 {[%emt 0:01:33]} f4 {[%emt 0:05:49]} 42. Bf2 {[%emt 0:01:46]} Qxg5 {[%emt 0:03:21]} 43. Qd1 {[%emt 0:01:31]} Be5 {[%emt 0:13:37]} 44. Qf3 {[%emt 0:00:33]} Ra4 {[%emt 0:00:20]} 45. Be1 {[%emt 0:05:47]} Qf5 {[%emt 0:01:40]} 46. Rg2+ {[%emt 0:00:13]} Kf7 {[%emt 0:00:05]} 47. Kg1 {[%emt 0:05:26]} Bd4+ {[%emt 0:04:21]} 48. Kh1 {[%emt 0:04:45]} Bc5 {[%emt 0:00:41]} 49. Bc3 {[%emt 0:01:01]} Rxa2 {[%emt 0:00:21]} 50. Bb2 {[%emt 0:03:41]} Qb1+ {[%emt 0:04:20]} 51. Kh2 {[%emt 0:00:02]} Bg1+ {[%emt 0:00:54]} 52. Rxg1 {[%emt 0:00:02]} Rxb2+ {[%emt 0:00:24]} 53. Kh1 {[%emt 0:01:04]} Qf5 {[%emt 0:00:26]} 54. Rc1 {[%emt 0:01:14]} Rb1 {[%emt 0:00:30]} 55. Rxb1 {[%emt 0:00:20]} Qxb1+ {[%emt 0:00:06]} 56. Kg2 {[%emt 0:01:26]} Qc2+ {[%emt 0:00:47]} 57. Qf2 {[%emt 0:01:12]} Qe4+ {[%emt 0:01:05]} 58. Qf3 {[%emt 0:00:04]} Qg6+ {[%emt 0:00:13]} 59. Kf2 {[%emt 0:00:56]} Qc2+ {[%emt 0:00:17]} 60. Ke1 {[%emt 0:00:25]} Qc1+ {[%emt 0:00:39]} 61. Kf2 {[%emt 0:00:21]} Qd2+ {[%emt 0:00:30]} 62. Kf1 {[%emt 0:00:13]} Kf6 {[%emt 0:00:25]} 63. Qe4 {[%emt 0:00:53]} Qc1+ {[%emt 0:00:56]} 64. Ke2 {[%emt 0:00:30]} Qb2+ {[%emt 0:00:29]} 65. Kf3 {[%emt 0:00:29]} Qc3+ {[%emt 0:00:28]} 66. Kxf4 {[%emt 0:00:05]} Qxh3 {[%emt 0:00:04]} 67. Qd4+ {[%emt 0:01:10]} Kf7 {[%emt 0:00:03]} 68. Qf2 {[%emt 0:01:57]} Qh5 {[%emt 0:00:32]} 69. Qa2 {[%emt 0:02:11]} Qe5+ {[%emt 0:00:29]} 70. Kg4 {[%emt 0:00:26]} Qe4+ {[%emt 0:00:49]} 71. Kg5 {[%emt 0:00:48]} Qe3+ {[%emt 0:00:57]} 72. Kg4 {[%emt 0:00:03]} Qd4+ {[%emt 0:00:38]} 73. Kg5 {[%emt 0:00:06]} Qc5 {[%emt 0:00:34]} 74. Qb3 {[%emt 0:00:12]} Qc1+ {[%emt 0:00:27]} 75. Kf5 {[%emt 0:01:32]} Qa1 {[%emt 0:00:34]} 76. Qc4 {[%emt 0:00:28]} Qe5+ {[%emt 0:00:27]} 77. Kg4 {[%emt 0:00:04]} Kf6 {[%emt 0:00:28]} 78. Qf1+ {[%emt 0:01:13]} Kg6 {[%emt 0:00:28]} 79. Qd3+ {[%emt 0:00:11]} Kf6 {[%emt 0:00:07]} 80. Qf1+ {[%emt 0:00:04]} Ke7 {[%emt 0:00:11]} 81. Qc4 {[%emt 0:00:10]} Kd8 {[%emt 0:01:00]} 82. Kf3 {[%emt 0:03:29]} Kc8 {[%emt 0:00:26]} 83. Kg4 {[%emt 0:01:01]} Kb8 {[%emt 0:00:50]} 84. Qd3 {[%emt 0:00:08]} Kb7 {[%emt 0:00:20]} 85. Qc4 {[%emt 0:00:03]} Qe3 {[%emt 0:00:26]} 86. Kf5 {[%emt 0:00:44]} Kb8 {[%emt 0:00:40]} 87. Kf6 {[%emt 0:00:23]} Qf2+ {[%emt 0:00:36]} 88. Ke7 {[%emt 0:00:37]} Kc8 {[%emt 0:00:32]} 89. Qe4 {[%emt 0:01:00]} Kb8 {[%emt 0:00:29]} 90. Qe6 {[%emt 0:01:03]} Qh4+ {[%emt 0:00:25]} 91. Kd7 {[%emt 0:00:22]} Qh7+ {[%emt 0:00:13]} 92. Kc6 {[%emt 0:00:13]} Qc2+ {[%emt 0:00:34]} 93. Kd7 {[%emt 0:00:03]} Qh7+ {[%emt 0:00:42]} 94. Kc6 {[%emt 0:00:03]} Qh8 {[%emt 0:00:33]} 95. Qc8+ {[%emt 0:00:10]} Kxc8 {[%emt 0:00:05]} 1/2-1/2